LDR 01217nam a2200217 i 4500 001 000000367827 003 CaOOAMICUS 005 20260515124501.0 008 260515s20042005fr u000 u fre u 040 $aSeMil$bita 100 1 $aSiegwalt, Gérard,$d<1932- >.$0(OLS)http://semarc/name/2566 245 12$aL'affirmation de la foi :$banthropologie théologique /$cGérard Siegwalt. 260 $aParis :$bLes Éditions du Cerf,$c2004-2005. 300 $a2 v. ;$c22 cm. 650 4$aAntropologia teologica.$0(OLS)http://semarc/subject/2114 773 0 $aSiegwalt, Gérard <1932- >$tDogmatique pour la catholicité évangélique.$dParis : Les Éditions du Cerf ; Genève : Labor et Fides, 1986-2005.$g5$w()367824 774 0 $aSiegwalt, Gérard <1932- >$tProblématique scientifique et philosophique.$dParis : Les Éditions du Cerf, 2004.$z2-8309-1101-6$w()76828 774 0 $aSiegwalt, Gérard <1932- >$tRéalité humaine devant Dieu.$dParis : Les Éditions du Cerf, 2005.$z2-8309-1148-2$w()129401 996 $6245$aL'affirmation de la foi :$banthropologie théologique$9(OLS)http://semarc/title/459800 996 $6260$aParis :$bLes Éditions du Cerf$9(OLS)http://semarc/publisher/29611